| 000 | 01415cam a22003617a 4500 | ||
|---|---|---|---|
| 003 | CHAP | ||
| 005 | 20220817043854.0 | ||
| 008 | 021129d2001 bd rs 00010 spa d | ||
| 010 | _a86714 | ||
| 011 | _a87686 | ||
| 020 | _a970-13-3388-8 | ||
| 020 | _a970134104X | ||
| 035 | _a98230 | ||
| 040 | _cCHAP | ||
| 082 | 0 | 4 |
_a312.0972 _bM49c 2000 Q.R. |
| 110 | 2 |
_aInstituto Nacional de Estadística, Geografía e Informática. México _959304 |
|
| 245 | 1 | 0 |
_aCenso general de población y vivienda (12o.) 2000: _bQuintana Roo _c/por INEGI |
| 260 |
_aAguascalientes, Ags. : _bInstituto Nacional de Estadística, Geografía e Informática, _c2001 |
||
| 300 |
_av. : _bgráfs. ; mapas ; cuadros |
||
| 500 | _aLa biblioteca tiene: v.1 Tabulados Basicos -- v.2 Perfil sociodemográfico | ||
| 590 |
_aBATCH-UPD _b10 _c20130110 _lUCH01 _h1718 |
||
| 590 |
_aBATCH-UPD _b10 _c20130410 _lUCH01 _h1102 |
||
| 590 |
_aBATCH-UPD _b10 _c20130914 _lUCH01 _h1822 |
||
| 590 |
_aCONVERSION _b10 _c20130109 _lUCH01 _h1348 |
||
| 650 | 1 | 4 |
_aMéxico _xCensos. |
| 650 | 1 | 4 |
_aPoblación _xEstadísticas _zQuintana Roo. _989395 |
| 650 | 1 | 4 |
_aVivienda _xQuintana Roo. _9120144 |
| 901 | _aBK | ||
| 905 | _aMarco A. Mendoza T. | ||
| 942 | _cLIBRO | ||
| 949 |
_a312.0972 M49c 2000 Q.R. _bBC _cINEGI _d33724000886032 _eINEGI _fv.1 _h103386 _i98230 _sb |
||
| 949 |
_a312.0972 M49c 2000 Q.R. _bBC _cINEGI _d33724000910196 _eINEGI _fv.2 _gDonaciØn _h104096 _i98230 _sb |
||
| 999 |
_c86714 _d86714 |
||